书目信息 |
| 题名: |
鱼羊野史
|
|
| 作者: | 高晓松 著 | |
| 分册: | 第6卷 | |
| 出版信息: | 广州 广东人民出版社 2016.06 |
|
| 页数: | 319页 | |
| 开本: | 24cm | |
| 丛书名: | 晓松说历史上的今天 | |
| 单 册: | ||
| 中图分类: | K204.5 | |
| 科图分类: | ||
| 主题词: | 中国历史--野史 | |
| 电子资源: | ||
| ISBN: | 978-7-218-10907-7 | |
| 000 | 00876nam0 2200265 450 | |
| 001 | 0120161860425 | |
| 005 | 20170908110638.23 | |
| 010 | @a978-7-218-10907-7@dCNY45.00 | |
| 100 | @a20160621d2016 em y0chiy50 ea | |
| 101 | 0 | @achi |
| 102 | @aCN@b440000 | |
| 105 | @ay z 000yy | |
| 106 | @ar | |
| 200 | 1 | @a鱼羊野史@9yu yang ye shi@h第6卷@e11-12月@f高晓松[著] |
| 210 | @a广州@c广东人民出版社@d2016.06 | |
| 215 | @a319页@d24cm | |
| 225 | 2 | @a晓松说历史上的今天 |
| 330 | @a本书主要内容包括:国立长沙临时大学开学、汪精卫在南京遇刺、在美国生产的首辆日本汽车下线、悲惨皇帝宋徽宗、大军阀段祺瑞、梁实秋先生去世、台湾著名女星林青霞等。 | |
| 333 | @a历史爱好者 | |
| 461 | 0 | @12001 @a晓松说历史上的今天 |
| 606 | 0 | @a中国历史@x野史 |
| 690 | @aK204.5@v5 | |
| 701 | 0 | @a高晓松@9gao xiao song@4著 |
| 801 | 0 | @aCN@b人天书店@c20160621 |
| 905 | @b998752-57@dK204.5@e257:6@f6 | |
| 鱼羊野史.第6卷:11-12月/高晓松[著].-广州:广东人民出版社,2016.06 |
| 319页;24cm.-(晓松说历史上的今天) |
| 使用对象:历史爱好者 |
| ISBN 978-7-218-10907-7:CNY45.00 |
| 本书主要内容包括:国立长沙临时大学开学、汪精卫在南京遇刺、在美国生产的首辆日本汽车下线、悲惨皇帝宋徽宗、大军阀段祺瑞、梁实秋先生去世、台湾著名女星林青霞等。 |
| ● |
| 相关链接 |
|
|
|
|
正题名:鱼羊野史
索取号:K204.5/257:6
 
预约/预借
| 序号 | 登录号 | 条形码 | 馆藏地/架位号 | 状态 | 备注 |
| 1 | 998752 | 209987521 | 第二样本阅览室/ [索取号:K204.5/257:6] | 在馆 | |
| 2 | 998753 | 209987530 | 第二借阅区/ [索取号:K204.5/257:6] | 在馆 | |
| 3 | 998754 | 209987549 | 密集书库-史法系/ [索取号:K204.5/257:6] | 在馆 | |
| 4 | 998755 | 209987558 | 第二借阅区/ [索取号:K204.5/257:6] | 在馆 | |
| 5 | 998756 | 209987567 | 第二借阅区/ [索取号:K204.5/257:6] | 在馆 | |
| 6 | 998757 | 209987576 | 第二借阅区/ [索取号:K204.5/257:6] | 在馆 |